<?xml version="1.0" encoding="UTF-8"?>
<record
    xmlns:xsi="http://www.w3.org/2001/XMLSchema-instance"
    xsi:schemaLocation="http://www.loc.gov/MARC21/slim http://www.loc.gov/standards/marcxml/schema/MARC21slim.xsd"
    xmlns="http://www.loc.gov/MARC21/slim">

  <leader>02020nam a22002777a 4500</leader>
  <controlfield tag="003">UA-OsUOA</controlfield>
  <controlfield tag="001"> 133032 </controlfield>
  <controlfield tag="007">ta</controlfield>
  <controlfield tag="008">20180926b un ||||| |||| 00| 0 ukr d</controlfield>
  <datafield tag="090" ind1=" " ind2=" ">
    <subfield code="b">J-34</subfield>
  </datafield>
  <datafield tag="942" ind1=" " ind2=" ">
    <subfield code="c">MGN</subfield>
  </datafield>
  <datafield tag="040" ind1=" " ind2=" ">
    <subfield code="a">UA-OsUOA</subfield>
    <subfield code="b">eng</subfield>
    <subfield code="c">UA-OsUOA</subfield>
    <subfield code="d">UA-OsUOA</subfield>
  </datafield>
  <datafield tag="245" ind1=" " ind2=" ">
    <subfield code="a">Journal of Information Systems Engineering and Business Intelligence</subfield>
    <subfield code="c">Editor-in-Chief INDRA Kharisma Raharjana</subfield>
  </datafield>
  <datafield tag="955" ind1=" " ind2=" ">
    <subfield code="a">1</subfield>
  </datafield>
  <datafield tag="041" ind1=" " ind2=" ">
    <subfield code="a">eng</subfield>
  </datafield>
  <datafield tag="856" ind1="4" ind2="0">
    <subfield code="u">https://e-journal.unair.ac.id/JISEBI/issue/view/803</subfield>
  </datafield>
  <datafield tag="520" ind1="3" ind2=" ">
    <subfield code="a">Journal of Information Systems Engineering and Business Intelligence (JISEBI, e-ISSN:2443-2555 p-ISSN:2598-6333) is an international, peer-reviewed, open-access journal published by Universitas Airlangga (Top 5 Indonesian University-QS World Universit</subfield>
  </datafield>
  <datafield tag="520" ind1="3" ind2=" ">
    <subfield code="a">y Rankings 2018). Indexed by DOAJ, Crossref, Google Scholar, BASE, SINTA 2.0, and Microsoft Academic Search.Benefits of Publishing with JISEBI- No Publication Fee for International Authors (Author from Indonesia will be required to pay an Articl</subfield>
  </datafield>
  <datafield tag="520" ind1="3" ind2=" ">
    <subfield code="a">e Publication Fee Rp 300.000, -) http://s.id/1fEC- Offer open access license (CC-BY), authors retain the copyright.- Get peer-reviewed and improve your manuscript.This journal has been accredited by National Journal Accreditation (ARJUNA) mana</subfield>
  </datafield>
  <datafield tag="520" ind1="3" ind2=" ">
    <subfield code="a">ged by the Ministry of Research, Technology and Higher Education, Republic Indonesia with Peringkat 2 (SINTA 2) since the year 2016 to 2020 according to the decree number 21/E/KPT/2018 dated 9th July 2018. JISEBI invites original and review artic</subfield>
  </datafield>
  <datafield tag="520" ind1="3" ind2=" ">
    <subfield code="a">les on various issues within Information Systems Engineering and Business Intelligence, which include but are not limited to Software Engineering, Management and Utilization of Information Systems, Organizational Governance, Enterprise Resource Planni</subfield>
  </datafield>
  <datafield tag="520" ind1="3" ind2=" ">
    <subfield code="a">ng, Enterprise Architecture Planning, Knowledge Management, Data and Text Mining, Artificial Intelligence, and Decision Support System.</subfield>
  </datafield>
  <datafield tag="260" ind1=" " ind2=" ">
    <subfield code="c">2018</subfield>
  </datafield>
  <datafield tag="246" ind1="3" ind2="1">
    <subfield code="a">2</subfield>
    <subfield code="n"></subfield>
  </datafield>
  <datafield tag="650" ind1=" " ind2="7">
    <subfield code="2">UDC</subfield>
  </datafield>
  <datafield tag="999" ind1=" " ind2=" ">
    <subfield code="c">421614</subfield>
    <subfield code="d">421614</subfield>
  </datafield>
</record>
